[Event "ODJM C 2023"]
[Site "Willingen GER"]
[Date "2023.05.28"]
[Round "2"]
[White "Classen, Marnin"]
[Black "Fize, Aleksandrs"]
[Result "1-0"]
[Termination "normal"]
[Board "5"]
[WhiteElo "1352"]
[BlackElo "1154"]
[WhiteClock "00:36:04"]
[BlackClock "00:29:21"]
[PlyCount "115"]
[WhiteFideId "34623833"]
[BlackFideId "34623779"]
[EventCountry "GER"]
[EventRounds "9"]
[EventType "swiss"]
[EventDate "2023.05.27"]

1. e4 {[%clk 01:30:59]} c5 {[%clk 01:30:55]} {[%emt 00:00:06]} 2. Nf3 {[%clk
01:31:24]} {[%emt 00:00:04]} e6 {[%clk 01:31:19]} {[%emt 00:00:06]} 3. d4
{[%clk 01:31:48]} {[%emt 00:00:06]} cxd4 {[%clk 01:31:45]} {[%emt 00:00:05]} 4.
Nxd4 {[%clk 01:32:07]} {[%emt 00:00:11]} Nc6 {[%clk 01:32:10]} {[%emt
00:00:05]} 5. Nc3 {[%clk 01:32:19]} {[%emt 00:00:18]} Qc7 {[%clk 01:32:30]}
{[%emt 00:00:10]} 6. Be3 {[%clk 01:32:18]} {[%emt 00:00:30]} a6 {[%clk
01:32:42]} {[%emt 00:00:19]} 7. Qf3 {[%clk 01:31:57]} {[%emt 00:00:51]} b5
{[%clk 01:30:58]} {[%emt 00:02:13]} 8. O-O-O {[%clk 01:31:48]} {[%emt
00:00:39]} Bb7 {[%clk 01:29:37]} {[%emt 00:01:52]} 9. Qg3 {[%clk 01:26:18]}
{[%emt 00:05:59]} Qxg3 {[%clk 01:26:00]} {[%emt 00:04:07]} 10. hxg3 {[%clk
01:21:15]} {[%emt 00:00:30]} Nge7 {[%clk 01:25:09]} {[%emt 00:06:25]} 11. Ndxb5
{[%clk 01:15:18]} {[%emt 00:06:28]} axb5 {[%clk 01:14:59]} {[%emt 00:10:40]}
12. Nxb5 {[%clk 01:14:35]} {[%emt 00:01:13]} Ng6 {[%clk 01:15:15]} {[%emt
00:00:14]} 13. Nc7+ {[%clk 01:14:38]} {[%emt 00:00:27]} Kd8 {[%clk 01:15:37]}
{[%emt 00:00:09]} 14. Nxa8 {[%clk 01:14:35]} {[%emt 00:00:33]} Bxa8 {[%clk
01:16:01]} {[%emt 00:00:05]} 15. f3 {[%clk 01:15:00]} {[%emt 00:00:05]} Be7
{[%clk 01:15:04]} {[%emt 00:01:27]} 16. Bb6+ {[%clk 01:13:21]} {[%emt
00:02:08]} Ke8 {[%clk 01:13:00]} {[%emt 00:02:34]} 17. Bc4 {[%emt 00:03:08]} d6
{[%clk 01:08:36]} {[%emt 00:04:53]} 18. Kb1 {[%clk 01:08:52]} {[%emt 00:02:23]}
Kd7 {[%clk 01:07:54]} {[%emt 00:01:11]} 19. a3 {[%clk 01:06:47]} {[%emt
00:02:36]} h6 {[%clk 01:07:51]} {[%emt 00:00:32]} 20. Be3 {[%clk 01:06:31]}
{[%emt 00:00:47]} Kc7 {[%clk 01:07:00]} {[%emt 00:01:21]} 21. Ba2 {[%clk
01:01:48]} {[%emt 00:05:12]} Rb8 {[%clk 01:06:45]} {[%emt 00:00:45]} 22. Rd3
{[%clk 01:00:29]} {[%emt 00:01:50]} Bf6 {[%clk 01:04:19]} {[%emt 00:02:56]} 23.
Rb3 {[%clk 01:00:12]} {[%emt 00:00:47]} Rxb3 {[%clk 01:03:50]} {[%emt
00:00:59]} 24. Bxb3 {[%clk 01:00:02]} {[%emt 00:00:40]} Be5 {[%clk 01:03:14]}
{[%emt 00:01:06]} 25. Bf2 {[%clk 00:59:39]} {[%emt 00:00:52]} Bb7 {[%clk
00:51:51]} {[%emt 00:11:54]} 26. Rd1 {[%clk 00:58:30]} {[%emt 00:01:38]} Bf6
{[%clk 00:50:50]} {[%emt 00:01:32]} 27. Ba2 {[%clk 00:58:23]} {[%emt 00:00:37]}
Nce5 {[%clk 00:47:54]} {[%emt 00:03:26]} 28. c4 {[%clk 00:57:29]} {[%emt
00:01:23]} Nd7 {[%clk 00:45:56]} {[%emt 00:02:29]} 29. b4 {[%clk 00:54:45]}
{[%emt 00:03:14]} Be7 {[%clk 00:45:58]} {[%emt 00:00:28]} 30. Kc2 {[%clk
00:53:59]} {[%emt 00:01:15]} Nge5 {[%clk 00:43:38]} {[%emt 00:02:51]} 31. Kc3
{[%clk 00:52:51]} {[%emt 00:01:37]} g5 {[%clk 00:38:20]} {[%emt 00:05:48]} 32.
Bb3 {[%clk 00:47:40]} {[%emt 00:05:42]} Bf6 {[%clk 00:35:55]} {[%emt 00:02:55]}
33. Bd4 {[%clk 00:47:07]} {[%emt 00:01:03]} Nb6 {[%emt 00:03:16]} 34. Rd2
{[%clk 00:44:46]} {[%emt 00:02:50]} d5 {[%clk 00:30:52]} {[%emt 00:02:47]} 35.
exd5 {[%clk 00:43:24]} {[%emt 00:01:53]} exd5 {[%clk 00:31:12]} {[%emt
00:00:10]} 36. Re2 {[%clk 00:43:02]} {[%emt 00:00:52]} dxc4 {[%clk 00:28:35]}
{[%emt 00:03:06]} 37. Bxe5+ {[%clk 00:39:10]} {[%emt 00:04:23]} Bxe5+ {[%clk
00:28:57]} {[%emt 00:00:07]} 38. Rxe5 {[%clk 00:39:29]} {[%emt 00:00:11]} cxb3
{[%clk 00:29:23]} {[%emt 00:00:05]} 39. Kxb3 {[%clk 00:39:29]} {[%emt
00:00:30]} Nc8 {[%clk 00:28:04]} {[%emt 00:01:48]} 40. Rc5+ {[%clk 00:39:00]}
{[%emt 00:00:59]} Kb8 {[%clk 00:28:06]} {[%emt 00:00:28]} 41. b5 {[%clk
00:39:03]} {[%emt 00:00:27]} Ka7 {[%clk 00:28:24]} {[%emt 00:00:12]} 42. Kb4
{[%emt 00:00:39]} Nd6 {[%clk 00:28:19]} {[%emt 00:00:34]} 43. a4 {[%clk
00:39:08]} {[%emt 00:00:18]} f5 {[%clk 00:27:49]} {[%emt 00:00:59]} 44. a5
{[%clk 00:39:10]} {[%emt 00:00:29]} g4 {[%clk 00:27:33]} {[%emt 00:00:45]} 45.
Rc3 {[%clk 00:38:38]} {[%emt 00:01:02]} h5 {[%clk 00:27:26]} {[%emt 00:00:37]}
46. a6 {[%clk 00:38:32]} {[%emt 00:00:36]} Ba8 {[%clk 00:27:17]} {[%emt
00:00:39]} 47. Ka5 {[%clk 00:37:31]} {[%emt 00:01:32]} Kb8 {[%clk 00:27:04]}
{[%emt 00:00:43]} 48. b6 {[%clk 00:37:11]} {[%emt 00:00:50]} gxf3 {[%clk
00:27:18]} {[%emt 00:00:16]} 49. gxf3 {[%clk 00:37:10]} {[%emt 00:00:31]} Ne8
{[%clk 00:26:59]} {[%emt 00:00:48]} 50. Rd3 {[%clk 00:36:35]} {[%emt 00:01:05]}
Kc8 {[%clk 00:27:11]} {[%emt 00:00:18]} 51. b7+ {[%clk 00:36:14]} {[%emt
00:00:52]} Bxb7 {[%clk 00:27:34]} {[%emt 00:00:07]} 52. axb7+ {[%clk 00:36:25]}
{[%emt 00:00:19]} Kxb7 {[%clk 00:27:58]} {[%emt 00:00:05]} 53. Kb5 {[%clk
00:36:23]} {[%emt 00:00:32]} Nc7+ {[%clk 00:28:08]} {[%emt 00:00:21]} 54. Kc4
{[%clk 00:36:26]} {[%emt 00:00:27]} f4 {[%clk 00:28:23]} {[%emt 00:00:15]} 55.
g4 {[%clk 00:35:50]} {[%emt 00:01:06]} h4 {[%clk 00:28:38]} {[%emt 00:00:14]}
56. Rd7 {[%clk 00:35:42]} {[%emt 00:00:37]} h3 {[%clk 00:28:54]} {[%emt
00:00:15]} 57. Rh7 {[%clk 00:35:43]} {[%emt 00:00:29]} h2 {[%clk 00:29:21]}
{[%emt 00:00:03]} 58. Rxh2 {[%clk 00:36:04]} {[%emt 00:00:09]} 1-0

[Event "ODJM C 2023"]
[Site "Willingen GER"]
[Date "2023.05.28"]
[Round "2"]
[White "Klockhaus, Daniel"]
[Black "Vöcking, Laura"]
[Result "1/2-1/2"]
[Termination "normal"]
[Board "6"]
[WhiteElo "1440"]
[BlackElo "1282"]
[WhiteClock "00:22:14"]
[BlackClock "00:17:19"]
[PlyCount "96"]
[WhiteFideId "16299132"]
[BlackFideId "16287630"]
[EventCountry "GER"]
[EventRounds "9"]
[EventType "swiss"]
[EventDate "2023.05.27"]

1. c4 {[%clk 01:30:58]} {[%emt 00:00:02]} f5 {[%clk 01:30:33]} {[%emt
00:00:28]} 2. g3 {[%clk 01:30:57]} {[%emt 00:00:30]} g6 {[%clk 01:30:31]}
{[%emt 00:00:33]} 3. Bg2 {[%clk 01:31:08]} {[%emt 00:00:18]} Bg7 {[%clk
01:30:21]} {[%emt 00:00:41]} 4. Nc3 {[%clk 01:29:26]} {[%emt 00:02:12]} Nf6
{[%clk 01:29:48]} {[%emt 00:01:03]} 5. e3 {[%clk 01:28:57]} {[%emt 00:00:58]}
O-O {[%clk 01:29:02]} {[%emt 00:01:17]} 6. Nge2 {[%clk 01:28:38]} {[%emt
00:00:49]} d6 {[%clk 01:27:06]} {[%emt 00:02:26]} 7. O-O {[%clk 01:28:26]}
{[%emt 00:00:41]} e5 {[%clk 01:24:46]} {[%emt 00:02:51]} 8. d3 {[%clk
01:27:32]} {[%emt 00:01:23]} Nc6 {[%clk 01:22:50]} {[%emt 00:02:26]} 9. f4
{[%clk 01:24:44]} {[%emt 00:03:18]} Be6 {[%clk 01:16:37]} {[%emt 00:06:44]} 10.
b3 {[%clk 01:23:44]} {[%emt 00:01:29]} Re8 {[%clk 01:11:55]} {[%emt 00:05:13]}
11. Bb2 {[%clk 01:21:07]} {[%emt 00:03:06]} Bd7 {[%clk 01:09:06]} {[%emt
00:03:20]} 12. e4 {[%clk 01:14:01]} {[%emt 00:07:35]} exf4 {[%clk 01:01:17]}
{[%emt 00:08:20]} 13. Nxf4 {[%clk 01:12:08]} {[%emt 00:02:23]} Nd4 {[%clk
00:53:12]} {[%emt 00:08:34]} 14. Qd2 {[%clk 01:04:04]} {[%emt 00:08:34]} fxe4
{[%clk 00:42:16]} {[%emt 00:11:27]} 15. dxe4 {[%clk 00:48:54]} {[%emt
00:15:40]} Ne6 {[%clk 00:36:41]} {[%emt 00:06:04]} 16. Rae1 {[%clk 00:41:12]}
{[%emt 00:08:11]} Nxf4 {[%clk 00:29:43]} {[%emt 00:07:29]} 17. Rxf4 {[%clk
00:38:09]} {[%emt 00:03:33]} Bh6 {[%clk 00:26:12]} {[%emt 00:04:01]} 18. Ref1
{[%clk 00:14:30]} {[%emt 00:24:08]} Bxf4 {[%clk 00:24:51]} {[%emt 00:01:52]}
19. Qxf4 {[%clk 00:13:20]} {[%emt 00:01:39]} Rf8 {[%clk 00:22:14]} {[%emt
00:03:08]} 20. e5 {[%clk 00:11:28]} {[%emt 00:02:22]} Nh5 {[%clk 00:21:15]}
{[%emt 00:01:30]} 21. Bd5+ {[%clk 00:10:08]} {[%emt 00:01:49]} Kg7 {[%clk
00:21:10]} {[%emt 00:00:36]} 22. Qd4 {[%clk 00:09:48]} {[%emt 00:00:47]} Rxf1+
{[%clk 00:20:22]} {[%emt 00:01:20]} 23. Kxf1 {[%clk 00:10:12]} {[%emt
00:00:07]} dxe5 {[%clk 00:19:30]} {[%emt 00:01:21]} 24. Qxe5+ {[%clk 00:09:33]}
{[%emt 00:01:09]} Qf6+ {[%clk 00:19:29]} {[%emt 00:00:32]} 25. Qxf6+ {[%clk
00:09:55]} {[%emt 00:00:08]} Nxf6 {[%clk 00:19:48]} {[%emt 00:00:11]} 26. Bxb7
{[%clk 00:10:18]} {[%emt 00:00:07]} Rb8 {[%clk 00:18:12]} {[%emt 00:02:06]} 27.
Bg2 {[%clk 00:08:36]} {[%emt 00:02:11]} Kf7 {[%clk 00:15:31]} {[%emt 00:03:11]}
28. Nd5 {[%clk 00:07:29]} {[%emt 00:01:37]} Nxd5 {[%clk 00:15:23]} {[%emt
00:00:39]} 29. Bxd5+ {[%clk 00:07:57]} {[%emt 00:00:02]} Be6 {[%clk 00:15:31]}
{[%emt 00:00:22]} 30. Be4 {[%clk 00:07:30]} {[%emt 00:00:56]} Bxc4+ {[%clk
00:15:04]} {[%emt 00:00:58]} 31. Kf2 {[%clk 00:06:30]} {[%emt 00:01:29]} Rd8
{[%clk 00:13:30]} {[%emt 00:02:05]} 32. Be5 {[%clk 00:04:25]} {[%emt 00:02:34]}
Bd5 {[%clk 00:11:43]} {[%emt 00:02:18]} 33. Bxc7 {[%clk 00:04:01]} {[%emt
00:00:54]} Rd7 {[%clk 00:11:43]} {[%emt 00:00:30]} 34. Bxd5+ {[%clk 00:04:22]}
{[%emt 00:00:08]} Rxd5 {[%clk 00:12:01]} {[%emt 00:00:13]} 35. Bf4 {[%clk
00:04:46]} {[%emt 00:00:04]} g5 {[%clk 00:10:57]} {[%emt 00:01:35]} 36. Be3
{[%clk 00:05:08]} {[%emt 00:00:07]} a6 {[%clk 00:10:19]} {[%emt 00:01:10]} 37.
Kf3 {[%clk 00:05:03]} {[%emt 00:00:34]} Kg6 {[%clk 00:09:43]} {[%emt 00:01:06]}
38. h4 {[%clk 00:04:11]} {[%emt 00:01:21]} gxh4 {[%clk 00:09:20]} {[%emt
00:00:53]} 39. gxh4 {[%clk 00:04:39]} {[%emt 00:00:02]} Rd1 {[%clk 00:09:05]}
{[%emt 00:00:46]} 40. Bc5 {[%clk 00:03:29]} {[%emt 00:01:33]} Rd2 {[%clk
00:08:33]} {[%emt 00:01:09]} 41. a3 {[%clk 00:01:36]} {[%emt 00:02:23]} Rd3+
{[%clk 00:08:31]} {[%emt 00:00:32]} 42. Kg4 {[%clk 00:01:08]} {[%emt 00:00:55]}
Rxb3 {[%clk 00:08:25]} {[%emt 00:00:38]} 43. h5+ {[%clk 00:01:09]} {[%emt
00:00:29]} Kf7 {[%clk 00:07:33]} {[%emt 00:01:22]} 44. Bb4 {[%clk 00:01:11]}
{[%emt 00:00:27]} Rb1 {[%clk 00:02:21]} {[%emt 00:05:43]} 45. Kg5 {[%clk
00:27:03]} {[%emt 00:04:37]} a5 {[%clk 00:29:43]} {[%emt 00:03:09]} 46. Bd6
{[%clk 00:25:29]} {[%emt 00:02:03]} Rb5+ {[%clk 00:28:45]} {[%emt 00:01:30]}
47. Kg4 {[%clk 00:24:17]} {[%emt 00:01:40]} Rd5 {[%clk 00:27:22]} {[%emt
00:01:54]} 48. Bf4 {[%clk 00:22:14]} {[%emt 00:02:31]} Rd4 {[%clk 00:17:19]}
{[%emt 00:10:35]} 1/2-1/2

[Event "ODJM C 2023"]
[Site "Willingen GER"]
[Date "2023.05.28"]
[Round "2"]
[White "Franke, Leonhard"]
[Black "Fischermann, Charlotte"]
[Result "1-0"]
[Termination "normal"]
[Board "7"]
[WhiteElo "1348"]
[BlackElo "1303"]
[WhiteClock "01:14:10"]
[BlackClock "01:10:39"]
[PlyCount "51"]
[WhiteFideId "34644806"]
[BlackFideId "34619690"]
[EventCountry "GER"]
[EventRounds "9"]
[EventType "swiss"]
[EventDate "2023.05.27"]

1. e4 {[%clk 01:30:59]} e5 {[%clk 01:30:51]} {[%emt 00:00:09]} 2. Nf3 {[%clk
01:31:26]} {[%emt 00:00:03]} Nc6 {[%clk 01:31:09]} {[%emt 00:00:13]} 3. Bc4
{[%clk 01:31:46]} {[%emt 00:00:09]} h6 {[%clk 01:30:28]} {[%emt 00:01:11]} 4.
d4 {[%clk 01:30:55]} {[%emt 00:01:21]} exd4 {[%clk 01:30:23]} {[%emt 00:00:36]}
5. Nxd4 {[%clk 01:31:20]} {[%emt 00:00:04]} Na5 {[%clk 01:27:58]} {[%emt
00:02:54]} 6. Bxf7+ {[%clk 01:29:45]} {[%emt 00:02:06]} Kxf7 {[%clk 01:26:51]}
{[%emt 00:01:37]} 7. Qh5+ {[%clk 01:29:41]} {[%emt 00:00:34]} g6 {[%clk
01:26:33]} {[%emt 00:00:48]} 8. Qd5+ {[%clk 01:28:55]} {[%emt 00:01:16]} Kg7
{[%clk 01:25:51]} {[%emt 00:01:10]} 9. Ne6+ {[%clk 01:29:14]} {[%emt 00:00:14]}
dxe6 {[%clk 01:25:18]} {[%emt 00:01:03]} 10. Qxd8 {[%clk 01:29:37]} {[%emt
00:00:07]} Bd6 {[%clk 01:25:06]} {[%emt 00:00:40]} 11. Qh4 {[%clk 01:27:52]}
{[%emt 00:02:16]} Ne7 {[%clk 01:22:26]} {[%emt 00:03:06]} 12. Bd2 {[%clk
01:27:39]} {[%emt 00:00:47]} Nac6 {[%clk 01:20:46]} {[%emt 00:02:09]} 13. Bc3+
{[%clk 01:27:59]} {[%emt 00:00:12]} e5 {[%clk 01:20:17]} {[%emt 00:00:56]} 14.
f4 {[%clk 01:27:44]} {[%emt 00:00:48]} Re8 {[%clk 01:18:10]} {[%emt 00:02:35]}
15. O-O {[%clk 01:27:04]} {[%emt 00:01:11]} Nd4 {[%clk 01:17:46]} {[%emt
00:00:53]} 16. Bxd4 {[%clk 01:23:29]} {[%emt 00:04:07]} exd4 {[%clk 01:17:50]}
{[%emt 00:00:25]} 17. e5 {[%clk 01:23:48]} {[%emt 00:00:12]} Bc5 {[%clk
01:17:42]} {[%emt 00:00:37]} 18. Kh1 {[%clk 01:23:17]} {[%emt 00:01:02]} Bf5
{[%clk 01:17:24]} {[%emt 00:00:47]} 19. Nd2 {[%clk 01:20:31]} {[%emt 00:03:16]}
Bxc2 {[%clk 01:16:40]} {[%emt 00:01:15]} 20. Rac1 {[%clk 01:20:15]} {[%emt
00:00:46]} Nd5 {[%clk 01:12:33]} {[%emt 00:04:34]} 21. Rxc2 {[%clk 01:19:30]}
{[%emt 00:01:18]} Be7 {[%clk 01:12:44]} {[%emt 00:00:18]} 22. Qg3 {[%clk
01:18:54]} {[%emt 00:01:06]} Ne3 {[%clk 01:12:47]} {[%emt 00:00:27]} 23. f5
{[%clk 01:13:13]} {[%emt 00:06:12]} Nxf1 {[%clk 01:11:30]} {[%emt 00:01:46]}
24. Qxg6+ {[%clk 01:13:31]} {[%emt 00:00:12]} Kf8 {[%clk 01:11:19]} {[%emt
00:00:39]} 25. e6 {[%clk 01:13:45]} {[%emt 00:00:18]} Nxd2 {[%clk 01:10:39]}
{[%emt 00:01:10]} 26. Qf7# {[%clk 01:14:10]} {[%emt 00:00:06]} 1-0

[Event "ODJM C 2023"]
[Site "Willingen GER"]
[Date "2023.05.28"]
[Round "2"]
[White "Dauerer, Leonhard"]
[Black "Türel, Tugce"]
[Result "0-1"]
[Termination "normal"]
[Board "8"]
[WhiteElo "1184"]
[BlackElo "1249"]
[WhiteClock "01:35:37"]
[BlackClock "01:11:19"]
[PlyCount "96"]
[WhiteFideId "34640223"]
[BlackFideId "26350602"]
[EventCountry "GER"]
[EventRounds "9"]
[EventType "swiss"]
[EventDate "2023.05.27"]

1. c4 {[%clk 01:30:58]} {[%emt 00:00:01]} e6 {[%clk 01:30:17]} {[%emt
00:00:43]} 2. g3 {[%clk 01:31:20]} {[%emt 00:00:08]} d5 {[%clk 01:30:15]}
{[%emt 00:00:32]} 3. b3 {[%clk 01:31:35]} {[%emt 00:00:16]} Bc5 {[%clk
01:30:21]} {[%emt 00:00:23]} 4. d4 {[%clk 01:31:34]} {[%emt 00:00:30]} Be7
{[%clk 01:28:19]} {[%emt 00:02:31]} 5. Bg2 {[%clk 01:31:24]} {[%emt 00:00:42]}
Bf6 {[%clk 01:27:06]} {[%emt 00:01:43]} 6. e3 {[%clk 01:31:35]} {[%emt
00:00:19]} c5 {[%clk 01:25:19]} {[%emt 00:02:18]} 7. Ne2 {[%clk 01:31:30]}
{[%emt 00:00:34]} Nc6 {[%clk 01:25:17]} {[%emt 00:00:32]} 8. Bb2 {[%clk
01:31:35]} {[%emt 00:00:25]} Nge7 {[%clk 01:22:13]} {[%emt 00:03:33]} 9. Nd2
{[%clk 01:31:44]} {[%emt 00:00:22]} cxd4 {[%clk 01:19:37]} {[%emt 00:03:06]}
10. exd4 {[%clk 01:31:48]} {[%emt 00:00:25]} Qb6 {[%clk 01:15:24]} {[%emt
00:04:43]} 11. Nf3 {[%clk 01:31:05]} {[%emt 00:01:13]} dxc4 {[%clk 01:14:50]}
{[%emt 00:01:04]} 12. bxc4 {[%clk 01:31:22]} {[%emt 00:00:13]} Qxb2 {[%clk
01:14:37]} {[%emt 00:00:43]} 13. Rb1 {[%clk 01:31:23]} {[%emt 00:00:29]} Qxa2
{[%clk 01:12:27]} {[%emt 00:02:40]} 14. d5 {[%clk 01:31:12]} {[%emt 00:00:41]}
exd5 {[%clk 01:12:05]} {[%emt 00:00:52]} 15. Nf4 {[%clk 01:30:39]} {[%emt
00:01:03]} Qxc4 {[%clk 01:10:58]} {[%emt 00:01:37]} 16. Rc1 {[%clk 01:30:40]}
{[%emt 00:00:29]} Bc3+ {[%clk 01:08:03]} {[%emt 00:03:25]} 17. Nd2 {[%clk
01:30:28]} {[%emt 00:00:42]} Bxd2+ {[%clk 01:08:12]} {[%emt 00:00:21]} 18. Qxd2
{[%clk 01:30:25]} {[%emt 00:00:34]} Qb4 {[%clk 01:06:44]} {[%emt 00:01:57]} 19.
Nxd5 {[%clk 01:29:37]} {[%emt 00:01:18]} Qxd2+ {[%clk 01:06:43]} {[%emt
00:00:31]} 20. Kxd2 {[%clk 01:29:58]} {[%emt 00:00:09]} O-O {[%clk 01:06:13]}
{[%emt 00:00:59]} 21. Rhe1 {[%clk 01:29:47]} {[%emt 00:00:40]} Nxd5 {[%clk
01:06:00]} {[%emt 00:00:45]} 22. Bxd5 {[%clk 01:29:24]} {[%emt 00:00:54]} Rd8
{[%clk 01:06:24]} {[%emt 00:00:06]} 23. Kc3 {[%clk 01:29:44]} {[%emt 00:00:10]}
g6 {[%clk 01:06:11]} {[%emt 00:00:43]} 24. Bc4 {[%clk 01:29:56]} {[%emt
00:00:14]} Bf5 {[%clk 01:06:10]} {[%emt 00:00:33]} 25. f4 {[%emt 00:00:54]}
Rac8 {[%clk 01:06:18]} 26. Kb2 {[%clk 01:30:08]} {[%emt 00:00:18]} Nb4 {[%clk
01:05:45]} {[%emt 00:00:57]} 27. Re3 {[%clk 01:29:52]} {[%emt 00:00:50]} Nd3+
{[%clk 01:05:28]} {[%emt 00:00:49]} 28. Bxd3 {[%clk 01:30:09]} {[%emt
00:00:12]} Rxc1 {[%clk 01:05:31]} {[%emt 00:00:28]} 29. Kxc1 {[%clk 01:30:20]}
{[%emt 00:00:18]} Rxd3 {[%clk 01:05:47]} {[%emt 00:00:14]} 30. Rxd3 {[%clk
01:30:39]} {[%emt 00:00:11]} Bxd3 {[%clk 01:06:12]} {[%emt 00:00:05]} 31. Kd2
{[%clk 01:31:03]} {[%emt 00:00:07]} Bf5 {[%clk 01:06:31]} {[%emt 00:00:11]} 32.
Kc3 {[%clk 01:31:25]} {[%emt 00:00:08]} a5 {[%clk 01:06:44]} {[%emt 00:00:17]}
33. Kc4 {[%clk 01:31:43]} {[%emt 00:00:13]} a4 {[%clk 01:07:04]} {[%emt
00:00:09]} 34. Kb4 {[%clk 01:31:55]} {[%emt 00:00:17]} b5 {[%clk 01:07:26]}
{[%emt 00:00:09]} 35. h4 {[%clk 01:32:04]} {[%emt 00:00:21]} Kg7 {[%clk
01:07:42]} {[%emt 00:00:14]} 36. Ka3 {[%clk 01:31:56]} {[%emt 00:00:38]} Kf6
{[%clk 01:07:52]} {[%emt 00:00:20]} 37. Kb4 {[%clk 01:32:21]} {[%emt 00:00:06]}
Ke6 {[%clk 01:08:00]} {[%emt 00:00:21]} 38. Kc3 {[%clk 01:32:36]} {[%emt
00:00:15]} a3 {[%clk 01:08:20]} {[%emt 00:00:11]} 39. Kb3 {[%clk 01:32:55]}
{[%emt 00:00:11]} b4 {[%clk 01:08:40]} {[%emt 00:00:09]} 40. Ka2 {[%clk
01:33:21]} {[%emt 00:00:04]} Kd6 {[%clk 01:08:49]} {[%emt 00:00:20]} 41. Kb3
{[%clk 01:33:44]} {[%emt 00:00:08]} Be6+ {[%clk 01:09:13]} {[%emt 00:00:07]}
42. Kc2 {[%clk 01:33:52]} {[%emt 00:00:22]} b3+ {[%clk 01:09:31]} {[%emt
00:00:11]} 43. Kb1 {[%clk 01:34:06]} {[%emt 00:00:16]} Bf5+ {[%clk 01:09:48]}
{[%emt 00:00:13]} 44. Ka1 {[%clk 01:34:15]} {[%emt 00:00:22]} b2+ {[%clk
01:10:13]} {[%emt 00:00:05]} 45. Ka2 {[%emt 00:00:09]} b1=Q+ {[%clk 01:10:31]}
{[%emt 00:00:10]} 46. Kxa3 {[%clk 01:35:01]} {[%emt 00:00:06]} Kc5 {[%clk
01:10:48]} {[%emt 00:00:13]} 47. g4 {[%clk 01:35:20]} {[%emt 00:00:11]} Be6
{[%clk 01:10:55]} {[%emt 00:00:23]} 48. f5 {[%clk 01:35:37]} {[%emt 00:00:13]}
Qa2# {[%clk 01:11:19]} {[%emt 00:00:05]} 0-1

[Event "ODJM C 2023"]
[Site "Willingen GER"]
[Date "2023.05.28"]
[Round "2"]
[White "Kühne, Malin"]
[Black "Meyer, Henry Paul"]
[Result "1/2-1/2"]
[Termination "normal"]
[Board "9"]
[WhiteElo "1162"]
[BlackElo "1337"]
[WhiteClock "00:10:01"]
[BlackClock "00:44:21"]
[PlyCount "63"]
[WhiteFideId "34619747"]
[BlackFideId "34645802"]
[EventCountry "GER"]
[EventRounds "9"]
[EventType "swiss"]
[EventDate "2023.05.27"]

1. d4 {[%clk 01:30:58]} {[%emt 00:00:02]} Nf6 {[%clk 01:30:54]} {[%emt
00:00:06]} 2. c4 {[%clk 01:31:12]} {[%emt 00:00:16]} g6 {[%clk 01:31:18]}
{[%emt 00:00:06]} 3. Bg5 {[%clk 01:29:52]} {[%emt 00:01:49]} Bg7 {[%clk
01:31:31]} {[%emt 00:00:17]} 4. Nc3 {[%clk 01:29:35]} {[%emt 00:00:48]} O-O
{[%clk 01:31:40]} {[%emt 00:00:21]} 5. e3 {[%clk 01:29:16]} {[%emt 00:00:49]}
d6 {[%clk 01:31:39]} {[%emt 00:00:31]} 6. Bd3 {[%clk 01:28:18]} {[%emt
00:01:27]} c5 {[%clk 01:30:58]} {[%emt 00:01:11]} 7. Nf3 {[%clk 01:22:28]}
{[%emt 00:06:21]} cxd4 {[%clk 01:30:12]} {[%emt 00:01:16]} 8. exd4 {[%clk
01:20:50]} {[%emt 00:02:08]} Nbd7 {[%clk 01:29:02]} {[%emt 00:01:40]} 9. O-O
{[%clk 01:19:04]} {[%emt 00:02:16]} Nb6 {[%clk 01:28:15]} {[%emt 00:01:17]} 10.
b3 {[%clk 01:14:47]} {[%emt 00:04:48]} Bd7 {[%clk 01:24:25]} {[%emt 00:04:19]}
11. Re1 {[%clk 01:11:27]} {[%emt 00:03:50]} Re8 {[%clk 01:24:45]} {[%emt
00:00:11]} 12. h3 {[%clk 01:06:54]} {[%emt 00:05:02]} Bc6 {[%clk 01:23:52]}
{[%emt 00:01:23]} 13. Rc1 {[%clk 01:03:26]} {[%emt 00:03:58]} h6 {[%clk
01:21:28]} {[%emt 00:02:54]} 14. Bf4 {[%clk 01:01:37]} {[%emt 00:02:18]} Nh5
{[%clk 01:20:56]} {[%emt 00:01:02]} 15. Bh2 {[%clk 00:59:49]} {[%emt 00:02:19]}
Bxf3 {[%clk 01:20:26]} {[%emt 00:01:00]} 16. Qxf3 {[%clk 00:57:42]} {[%emt
00:02:36]} Bxd4 {[%clk 01:18:37]} {[%emt 00:02:19]} 17. Qxb7 {[%clk 00:55:08]}
{[%emt 00:03:04]} Qd7 {[%clk 01:18:40]} {[%emt 00:00:24]} 18. Qxd7 {[%clk
00:52:42]} {[%emt 00:02:58]} Nxd7 {[%clk 01:19:08]} {[%emt 00:00:03]} 19. Nb5
{[%clk 00:50:32]} {[%emt 00:02:40]} Bb6 {[%clk 01:19:18]} {[%emt 00:00:18]} 20.
Re2 {[%clk 00:38:12]} {[%emt 00:12:51]} Nc5 {[%clk 01:09:10]} {[%emt 00:10:37]}
21. Bb1 {[%clk 00:36:20]} {[%emt 00:02:23]} Nf6 {[%clk 01:06:34]} {[%emt
00:03:06]} 22. Rd1 {[%clk 00:31:18]} {[%emt 00:05:33]} a6 {[%clk 01:05:20]}
{[%emt 00:01:44]} 23. Nc3 {[%clk 00:30:04]} {[%emt 00:01:44]} Rad8 {[%clk
01:04:11]} {[%emt 00:01:39]} 24. Nd5 {[%clk 00:28:13]} {[%emt 00:02:22]} Nxd5
{[%clk 01:04:14]} {[%emt 00:00:27]} 25. Rxd5 {[%clk 00:27:42]} {[%emt
00:01:00]} e5 {[%clk 01:01:30]} {[%emt 00:03:14]} 26. Kf1 {[%clk 00:25:26]}
{[%emt 00:02:45]} Ne6 {[%clk 00:55:53]} {[%emt 00:06:08]} 27. Re1 {[%clk
00:21:16]} {[%emt 00:04:40]} Kg7 {[%clk 00:53:06]} {[%emt 00:03:17]} 28. b4
{[%clk 00:17:47]} {[%emt 00:03:59]} f6 {[%clk 00:51:03]} {[%emt 00:02:33]} 29.
Red1 {[%clk 00:15:45]} {[%emt 00:02:32]} Nd4 {[%clk 00:46:54]} {[%emt
00:04:39]} 30. Bg1 {[%clk 00:13:50]} {[%emt 00:02:25]} f5 {[%clk 00:44:21]}
{[%emt 00:03:03]} 31. f4 {[%clk 00:12:15]} {[%emt 00:02:05]} Kf6 {[%emt
00:03:40]} 32. fxe5+ {[%clk 00:10:01]} 1/2-1/2